SHAPE, ORIENTATION, INTERACTION, OR DISPERSION: VALORIZATION OF THE INFLUENCE FACTORS IN NATURAL RUBBER NANOCOMPOSITES (Record no. 75310)
[ view plain ]
| 000 -LEADER | |
|---|---|
| fixed length control field | 02164nam a22001817a 4500 |
| 100 ## - MAIN ENTRY--AUTHOR NAME | |
| Personal name | Strommer, B. |
| 245 ## - TITLE STATEMENT | |
| Title | SHAPE, ORIENTATION, INTERACTION, OR DISPERSION: VALORIZATION OF THE INFLUENCE FACTORS IN NATURAL RUBBER NANOCOMPOSITES |
| 260 ## - PUBLICATION, DISTRIBUTION, ETC. (IMPRINT) | |
| Name of publisher | Rubber Chemistry and Technology 96(1): 2023. 40-58. |
| Year of publication | 2023 |
| 520 ## - SUMMARY, ETC. | |
| Summary, etc | The addition of nanoparticles as reinforcing fillers in elastomers yields nanocomposites with unique property profiles, which opens the door for various new application fields. Major factors influencing the performance of nanocomposites are studied by varying the type and shape of nanoparticles and their dispersion in the natural rubber matrix. The industrial applicability of these nanocomposites is put into focus using two types of graphene and a nanoscale carbon black, all commercially available, and scalable processing techniques in the form of a highly filled masterbatch production via latex premixing by simple stirring or ultrasonically assisted dispersing with surfactant followed by conventional two-roll milling and hot pressing. Different processing and measurement methods reveal the potential for possible improvements: rheology, curing behavior, static and dynamic mechanical properties, swelling, and fire behavior. The aspect ratio of the nanoparticles and their interaction with the surrounding matrix prove to be crucial for the development of superior nanocomposites. An enhanced dispersing method enables the utilization of the improvement potential at low filler loadings (3 parts per hundred of rubber [phr]) and yields multifunctional rubber nanocomposites: two-dimensional layered particles (graphene) result in anisotropic material behavior with strong reinforcement in the in-plane direction (157% increase in the Young's modulus). The peak heat release rate in the cone calorimeter is reduced by 55% by incorporating 3 phr of few-layer graphene via an optimized dispersing process. |
| 650 ## - SUBJECT ADDED ENTRY--TOPICAL TERM | |
| Topical Term | Disperson |
| 700 ## - ADDED ENTRY--PERSONAL NAME | |
| Personal name | Batting, A |
| 700 ## - ADDED ENTRY--PERSONAL NAME | |
| Personal name | Schulze, D. |
| 700 ## - ADDED ENTRY--PERSONAL NAME | |
| Personal name | Jacome, L.A. |
| 700 ## - ADDED ENTRY--PERSONAL NAME | |
| Personal name | Schartel, B. |
| 700 ## - ADDED ENTRY--PERSONAL NAME | |
| Personal name | Bohning, M. |
| 856 ## - ELECTRONIC LOCATION AND ACCESS | |
| Uniform Resource Identifier | https://doi.org/10.5254/rct.23.77961 |
| 942 ## - ADDED ENTRY ELEMENTS (KOHA) | |
| Koha item type | Journals |
| Withdrawn status | Lost status | Damaged status | Not for loan | Home library | Current library | Date acquired | Koha item type |
|---|---|---|---|---|---|---|---|
| RRII Library | RRII Library | 04/07/2024 | Journals |